000 00810nam a2200229Ii 4500
003 JO-AjNU
008 230605s9999||||xx |||||||||||||| ||und||
017 _a2012/12/4851
020 _a978-9957-565-12-1
040 _aJO-AjNU
_bara
_erda
_cJO-AjNU
041 _aara
050 1 4 _aDS62.9.S8 2013
100 3 _aالموسى، سليمان,
_eauthor
_950325
245 0 0 _aالحركة العربية : سيرة المرحلة الاولى للنهضة العربية الحديثة 1908-1924
250 _aط4
264 3 1 _aعمان: دار ورد للنشر والتوزيع، 2013
300 _a732ص
336 _atext
_btxt
_2rdacontent
337 _aunmediated
_bn
_2rdamedia
338 _avolume
_bnc
_2rdacarrier
650 4 _aالنهضة العربية الحديثة 1908-1924-تاريخ
_950326
999 _aA22161
_c25729
_d25729